000 00313nam a2200133Ia 4500
005 20251222155102.0
008 251222s9999||||xx |||||||||||||| ||spa||
082 _aREL.16.3
100 _aProyección Cristiana.
245 0 _aEl es nuestra Salvación
250 _a1ra. ed.
264 _bNo tiene
942 _cLIB
999 _c37728
_d37728